Fr. Conceicao Rodrigues College of Engineering

Fuzzy Neuro approach to agent applications (Record no. 27875)

MARC details
000 -LEADER
fixed length control field 00344nam a2200169Ia 4500
082 ## - DEWEY DECIMAL CLASSIFICATION NUMBER
Item number LEE
100 ## - MAIN ENTRY--PERSONAL NAME
Personal name Lee/Reymond S.T
245 ## - TITLE STATEMENT
Title Fuzzy Neuro approach to agent applications
260 ## - PUBLICATION, DISTRIBUTION, ETC.
Name of publisher, distributor, etc. Springer
Date of publication, distribution, etc. 2006
366 ## - TRADE AVAILABILITY INFORMATION
Publishers's discount category 17.5
300 ## - PHYSICAL DESCRIPTION
Extent 374
546 ## - LANGUAGE NOTE
Language note ENGLISH
650 ## - SUBJECT ADDED ENTRY--TOPICAL TERM
Topical term or geographic name entry element Fuzzy
654 ## - SUBJECT ADDED ENTRY--FACETED TOPICAL TERMS
Focus term fuzzy
942 ## - ADDED ENTRY ELEMENTS (KOHA)
Koha item type BOOK
Holdings
Withdrawn status Lost status Damaged status Not for loan Collection Home library Current library Date acquired Source of acquisition Cost, normal purchase price Inventory number Total Checkouts Full call number Barcode Date last seen Cost, replacement price Price effective from Koha item type
        CRC Fr. Agnel's C.Rodrigues College of Engineering Fr. Agnel's C.Rodrigues College of Engineering 17/03/2023 Educational books and periodicals 618.75 257 dt 27/04/2009   LEE 19527 17/03/2023 750.00   BOOK